Drug Inspector (Record no. 8697)

MARC details
000 -LEADER
fixed length control field 00293nam a22001217a 4500
020 ## - INTERNATIONAL STANDARD BOOK NUMBER
International Standard Book Number 9788189747985
100 ## - MAIN ENTRY--PERSONAL NAME
Personal name Gupta, M.K. & Khinchi
245 ## - TITLE STATEMENT
Title Drug Inspector
250 ## - EDITION STATEMENT
Edition statement 2019
260 ## - PUBLICATION, DISTRIBUTION, ETC. (IMPRINT)
Place of publication, distribution, etc New Delhi
Name of publisher, distributor, etc Birla Publication
Date of publication, distribution, etc 2019
650 ## - SUBJECT ADDED ENTRY--TOPICAL TERM
Topical term or geographic name as entry element Pharmaceutical Jurisprudence
942 ## - ADDED ENTRY ELEMENTS (KOHA)
Koha item type Text Books
Source of classification or shelving scheme Dewey Decimal Classification
Holdings
Withdrawn status Lost status Source of classification or shelving scheme Damaged status Not for loan Collection code Home library Current library Date acquired Source of acquisition Currency Cost, normal purchase price Bill Number Total Checkouts Full call number Acc. no. / Barcode Date last seen Date last borrowed Actual Cost, discounted price Bill Date Koha item type
    Dewey Decimal Classification     B.Pharma PIET C-LIBRARY PIET C-LIBRARY 01/02/2020 Kirti Prakashan IN Rupees 550.00 IN6239 2 619.107 GUD BP700 28/11/2025 18/11/2025 368.50 01/02/2020 Text Books
    Dewey Decimal Classification     B.Pharma PIET C-LIBRARY PIET C-LIBRARY 01/02/2020 Kirti Prakashan IN Rupees 550.00 IN6239   619.107 GUD BP701 06/07/2020   368.50 01/02/2020 Reference Books
    Dewey Decimal Classification     B.Pharma PIET C-LIBRARY PIET C-LIBRARY 01/02/2020 Kirti Prakashan IN Rupees 550.00 IN6239   619.107 GUD BP702 06/07/2020   368.50 01/02/2020 Text Books

Design & Developed by: PIET Central Library
R70 Miles Stone Pattikalyana Samalkha Panipat 132102
mail ID :- [email protected], Phone No:- 0180-2569700 Ex.216